[Event "SR 5. liga SE-SI 2014/2015"]
[Site "?"]
[Date "2015.02.07"]
[Round "8.1"]
[White "Tomasovic, Pavol"]
[Black "Sefcik, Marek"]
[Result "1-0"]
[WhiteElo "1284"]
[BlackElo "1000"]
[PlyCount "125"]
[EventDate "2014.??.??"]

1. e4 e5 2. Nf3 Nc6 3. Bb5 d6 4. O-O Bg4 5. d4 exd4 6. Qxd4 Nf6 7. Bg5 h6 8.
Bh4 a6 9. Bxc6+ bxc6 10. Nc3 Be7 11. Rfe1 c5 12. Qa4+ Qd7 13. Qc4 O-O 14. Re3
a5 15. Rd1 Rab8 16. b3 Be6 17. Qd3 Rb4 18. Bxf6 Bxf6 19. e5 dxe5 20. Qxd7 Bxd7
21. Rxd7 c4 22. Nd5 Rb5 23. Nxf6+ gxf6 24. Rxc7 cxb3 25. cxb3 Rd8 26. h3 Rd1+
27. Kh2 Rbd5 28. Rc8+ Kg7 29. Nh4 R5d4 30. Nf5+ Kg6 31. Nxd4 Rxd4 32. Rg8+ Kh7
33. Reg3 h5 34. R3g7+ Kh6 35. Rxf7 h4 36. Rxf6+ Kh7 37. Rfg6 Rd7 38. Rg4 Rf7
39. R8g5 Rf6 40. Rh5+ Rh6 41. Rxh6+ Kxh6 42. Rxh4+ Kg5 43. Kg3 Kf5 44. Kf3 Ke6
45. Ke4 a4 46. bxa4 Kd6 47. Rh5 Ke6 48. Rxe5+ Kd6 49. Kd4 Kd7 50. Kd5 Kc7 51.
Re6 Kd7 52. Rh6 Ke7 53. Ke5 Kd7 54. Ra6 Ke7 55. Ra7+ Kd8 56. Kd6 Ke8 57. Rh7
Kf8 58. Ke6 Kg8 59. Ra7 Kf8 60. Rb7 Kg8 61. Kf6 Kh8 62. Kg6 Kg8 63. Rb8# 1-0

[Event "SR 5. liga SE-SI 2014/2015"]
[Site "?"]
[Date "2015.02.07"]
[Round "8.2"]
[White "Bartos, Bohumil"]
[Black "Drozd, Jan"]
[Result "1/2-1/2"]
[WhiteElo "1502"]
[BlackElo "1509"]
[PlyCount "37"]
[EventDate "2014.??.??"]

1. d4 Nf6 2. c4 e6 3. Nc3 Bb4 4. Qc2 c5 5. Nf3 O-O 6. a3 Bxc3+ 7. bxc3 cxd4 8.
cxd4 Nc6 9. Bg5 Qa5+ 10. Bd2 Qd8 11. e4 d5 12. e5 Ne4 13. Bd3 f5 14. exf6 Nxf6
15. O-O dxc4 16. Qxc4 Qd5 17. Rfe1 Bd7 18. Rab1 b6 19. Qxd5 1/2-1/2

[Event "SR 5. liga SE-SI 2014/2015"]
[Site "?"]
[Date "2015.02.07"]
[Round "8.2"]
[White "Lauko, Tomas"]
[Black "Danihel, Jozef"]
[Result "1-0"]
[WhiteElo "1476"]
[BlackElo "1574"]
[PlyCount "55"]
[EventDate "2014.??.??"]

1. e4 e5 2. Nf3 Nc6 3. Bc4 Bc5 4. c3 Nf6 5. d3 d6 6. a4 a6 7. b4 Ba7 8. b5 axb5
9. axb5 Ne7 10. Be3 b6 11. d4 exd4 12. Qxd4 Ng6 13. e5 dxe5 14. Nxe5 Qxd4 15.
Bxd4 Nxe5 16. Bxe5 O-O 17. O-O Bb7 18. Nd2 c5 19. Bxf6 gxf6 20. Rfe1 Bb8 21.
Rxa8 Bxa8 22. Re7 Be5 23. Nb1 Bd6 24. Ra7 Kg7 25. f3 f5 26. Kf2 Bxh2 27. g3
Bxg3+ 28. Kxg3 1-0

[Event "SR 5. liga SE-SI 2014/2015"]
[Site "?"]
[Date "2015.02.07"]
[Round "8.2"]
[White "Baumgartner, Milan"]
[Black "Sukopcak, Miroslav"]
[Result "1-0"]
[WhiteElo "1585"]
[BlackElo "1657"]
[PlyCount "73"]
[EventDate "2014.??.??"]

1. a3 d5 2. d4 Bf5 3. Nf3 Nd7 4. Bf4 Ngf6 5. Nc3 h6 6. h3 e6 7. e3 a6 8. Bd3
Bxd3 9. Qxd3 c5 10. O-O b5 11. Rfe1 Be7 12. e4 dxe4 13. Nxe4 Nxe4 14. Qxe4 O-O
15. Rad1 Qc8 16. c3 Nf6 17. Qc2 cxd4 18. Nxd4 Nd5 19. Nf5 exf5 20. Rxd5 Qb7 21.
Rxf5 g6 22. Rfe5 Bd6 23. Bxh6 Bxe5 24. Bxf8 Kxf8 25. Rxe5 Re8 26. Rxe8+ Kxe8
27. h4 Qe7 28. g3 Kf8 29. b4 Kg7 30. c4 Qe1+ 31. Kg2 Qa1 32. c5 Qxa3 33. c6
Qxb4 34. c7 a5 35. c8=Q f6 36. Qe8 f5 37. h5 1-0

[Event "SR 5. liga SE-SI 2014/2015"]
[Site "?"]
[Date "2015.02.07"]
[Round "8.2"]
[White "Lauko, Lukas"]
[Black "Spanik, Ondrej"]
[Result "0-1"]
[WhiteElo "1000"]
[BlackElo "1228"]
[PlyCount "114"]
[EventDate "2014.??.??"]

1. e4 e5 2. d3 Nc6 3. Bd2 Bc5 4. Nf3 h6 5. c3 d6 6. h3 Nf6 7. b4 Bb6 8. Na3 a6
9. Qe2 Be6 10. Be3 Bxe3 11. Qxe3 d5 12. O-O-O d4 13. Qd2 dxc3 14. Qxc3 Qd6 15.
Qc5 Qxc5+ 16. bxc5 Bxa2 17. Nc2 Bb3 18. d4 Bxc2 19. Kxc2 Nxd4+ 20. Nxd4 exd4
21. Rxd4 Rd8 22. Rb4 b5 23. f3 c6 24. Be2 O-O 25. Rb3 Rd7 26. e5 Nd5 27. g3
Rfd8 28. Rd1 Nc7 29. f4 Rxd1 30. Bxd1 Ne6 31. Rc3 b4 32. Rc4 b3+ 33. Kc1 b2+
34. Kxb2 Rxd1 35. f5 Nc7 36. h4 Rd5 37. f6 Rxe5 38. fxg7 Kxg7 39. Rg4+ Kh7 40.
Rf4 Re7 41. g4 Ne6 42. Rf6 Kg7 43. g5 hxg5 44. hxg5 Rb7+ 45. Kc3 a5 46. Kd3 a4
47. Ke3 a3 48. Rf2 Rb2 49. Rf1 a2 50. Ra1 Nxc5 51. Rc1 Rb1 52. Rxc5 a1=Q 53.
Rxc6 Qe5+ 54. Kf2 Qf4+ 55. Ke2 Rb3 56. Rf6 Qh2+ 57. Ke1 Rb1# 0-1

[Event "SR 5. liga SE-SI 2014/2015"]
[Site "?"]
[Date "2015.02.07"]
[Round "8.2"]
[White "Spacek, Jan"]
[Black "Gabris, Lubos"]
[Result "1-0"]
[WhiteElo "1119"]
[BlackElo "1000"]
[PlyCount "99"]
[EventDate "2014.??.??"]

1. e4 Nc6 2. d4 Nf6 3. Nc3 d6 4. Nf3 g6 5. Bc4 Be6 6. Bxe6 fxe6 7. Ng5 Rb8 8.
Nxe6 Qc8 9. Ng5 Qg4 10. O-O Qxd1 11. Rxd1 Bg7 12. Ne6 Kf7 13. Nxc7 Ng4 14. Ne2
a6 15. f3 Nf6 16. c4 e6 17. d5 exd5 18. Nxd5 Nxd5 19. cxd5 Ne7 20. Bf4 Rbd8 21.
Rab1 Nc8 22. Nd4 Bxd4+ 23. Rxd4 Rhf8 24. Bg5 Rd7 25. Bf4 Kg8 26. Bg3 b5 27. a4
bxa4 28. Rxa4 Ra7 29. Rc1 Nb6 30. Rb4 Nc8 31. Rc6 Rd8 32. Bh4 Re8 33. Rb8 a5
34. Rbxc8 Rxc8 35. Rxc8+ Kf7 36. Rc3 Rb7 37. Bd8 Rxb2 38. Bxa5 Rb1+ 39. Kf2
Rb2+ 40. Kg3 Rb7 41. Rc7+ Rxc7 42. Bxc7 Ke7 43. e5 dxe5 44. Bxe5 Kd7 45. Kf4
Ke7 46. Kg5 Kd7 47. Kf6 Ke8 48. Kg7 Kd7 49. Kxh7 Ke7 50. Kxg6 1-0

[Event "SR 5. liga SE-SI 2014/2015"]
[Site "?"]
[Date "2015.02.07"]
[Round "8.3"]
[White "Klimes, Karel"]
[Black "Nemeckay, Dominik"]
[Result "1-0"]
[WhiteElo "1688"]
[BlackElo "1415"]
[PlyCount "39"]
[EventDate "2014.??.??"]

1. e4 e5 2. Nf3 Nc6 3. Bc4 Bc5 4. c3 Nf6 5. d3 d6 6. Bg5 Be6 7. Bxe6 fxe6 8.
Qb3 Qc8 9. Nbd2 Ng4 10. O-O h6 11. Bh4 g5 12. Bg3 Bb6 13. Nc4 Bc5 14. Qd1 Qd7
15. b4 Bb6 16. Nxb6 axb6 17. Nxg5 Nxh2 18. Qh5+ Ke7 19. Qf7+ Kd8 20. Qf6+ 1-0

[Event "SR 5. liga SE-SI 2014/2015"]
[Site "?"]
[Date "2015.02.07"]
[Round "8.3"]
[White "Drinka, Robert"]
[Black "Filipek, Norbert"]
[Result "0-1"]
[WhiteElo "1418"]
[BlackElo "1414"]
[PlyCount "60"]
[EventDate "2014.??.??"]

1. e4 c5 2. Nf3 e6 3. Bb5 a6 4. Ba4 b5 5. Bb3 c4 6. Bxc4 bxc4 7. d3 cxd3 8.
cxd3 Qa5+ 9. Nc3 Nc6 10. O-O Be7 11. Re1 Bb7 12. Bd2 Qc7 13. Rc1 Bd6 14. Bg5
Bf4 15. Bxf4 Qxf4 16. Ne2 Qc7 17. d4 Qb6 18. Qd2 Qa5 19. Nc3 Nge7 20. d5 Na7
21. Rcd1 O-O 22. dxe6 dxe6 23. Qd7 Bxe4 24. Rxe4 Ng6 25. Qb7 Nb5 26. Nxb5 axb5
27. a3 Rad8 28. Red4 Rxd4 29. Nxd4 Rd8 30. Qe4 e5 0-1

[Event "SR 5. liga SE-SI 2014/2015"]
[Site "?"]
[Date "2015.02.07"]
[Round "8.3"]
[White "Kratochvilova, Lenka"]
[Black "Simek, Adam"]
[Result "1-0"]
[WhiteElo "1153"]
[BlackElo "1060"]
[PlyCount "68"]
[EventDate "2014.??.??"]

1. e4 e5 2. Nf3 Nc6 3. Bc4 Bc5 4. Nc3 Nf6 5. O-O d6 6. h3 O-O 7. d3 Nd4 8. Bg5
h6 9. Bh4 Nxf3+ 10. Qxf3 g5 11. Bg3 Bb4 12. Nd5 g4 13. hxg4 Bxg4 14. Qe3 Nxd5
15. exd5 f5 16. Qxh6 f4 17. Qg6+ Kh8 18. Qxg4 fxg3 19. Qxg3 Rg8 20. Qh3+ Kg7
21. c3 Rh8 22. Qg3+ Kf7 23. cxb4 Qf6 24. f3 Rag8 25. Qe1 Qg6 26. Rf2 Qh6 27.
Kf1 Qh1+ 28. Ke2 Qxe1+ 29. Rxe1 Rh2 30. g4 Rgh8 31. Rxh2 Rxh2+ 32. Ke3 Rxb2 33.
Rg1 Rxb4 34. g5 Kg6 {Zvysok partie sa neda zrekonstruovat} 1-0

[Event "SR 5. liga SE-SI 2014/2015"]
[Site "?"]
[Date "2015.02.07"]
[Round "8.3"]
[White "Jankovic, Vit"]
[Black "Fajtakova, Silvia"]
[Result "1-0"]
[WhiteElo "1000"]
[BlackElo "1188"]
[PlyCount "57"]
[EventDate "2014.??.??"]

1. e4 e5 2. Nf3 Nc6 3. Bb5 a6 4. Ba4 d6 5. d4 b5 6. Bb3 Bg4 7. Be3 Nf6 8. Nc3
Be7 9. Qd3 O-O 10. Nd5 Nxd5 11. Bxd5 Nb4 12. Qb3 Nxd5 13. Qxd5 c5 14. dxe5 Qa5+
15. c3 dxe5 16. Qxe5 Bf6 17. Qxc5 Rac8 18. Qd5 Rfd8 19. Qb3 Be7 20. O-O Bxf3
21. gxf3 Rd6 22. Rad1 Rg6+ 23. Kh1 Qc7 24. Rg1 Rxg1+ 25. Rxg1 Qe5 26. Bd4 Qd6
27. Rxg7+ Kh8 28. Qxf7 Bf6 29. Rxh7# 1-0

[Event "SR 5. liga SE-SI 2014/2015"]
[Site "?"]
[Date "2015.02.07"]
[Round "8.4"]
[White "Ocko, Martin"]
[Black "Zajicek, Ferdinand"]
[Result "1-0"]
[WhiteElo "1857"]
[BlackElo "1836"]
[PlyCount "59"]
[EventDate "2014.??.??"]

1. e4 c5 2. Nf3 Nc6 3. d4 cxd4 4. Nxd4 d6 5. Nc3 g6 6. Be3 Bg7 7. f3 Nf6 8. Qd2
O-O 9. O-O-O a6 10. Nb3 Be6 11. Bh6 Rc8 12. Bxg7 Kxg7 13. h4 Nb4 14. Kb1 b5 15.
h5 Rh8 16. g4 Nc6 17. h6+ Kf8 18. g5 Nd7 19. f4 Bxb3 20. axb3 b4 21. Nd5 a5 22.
Bb5 Nb6 23. Bxc6 Rxc6 24. Qd4 Rg8 25. f5 Nxd5 26. exd5 Rc7 27. fxg6 f6 28. gxh7
Rh8 29. g6 e5 30. Qg4 1-0

[Event "SR 5. liga SE-SI 2014/2015"]
[Site "?"]
[Date "2015.02.07"]
[Round "8.4"]
[White "Kanka, Tomas"]
[Black "Ulehla, Jakub"]
[Result "0-1"]
[WhiteElo "1723"]
[BlackElo "1479"]
[PlyCount "70"]
[EventDate "2014.??.??"]

1. e4 e5 2. Nf3 Nc6 3. Bc4 Nf6 4. Nc3 Be7 5. O-O O-O 6. d4 d6 7. a3 Bg4 8. h3
Bxf3 9. Qxf3 Nxd4 10. Qd3 Qd7 11. f4 Rad8 12. Nd1 Qc6 13. Nf2 Nxe4 14. Nxe4 d5
15. Bxd5 Qxd5 16. fxe5 Qxe5 17. Bf4 Qb5 18. Bxc7 Ne2+ 19. Qxe2 Qxe2 20. Rae1
Qxc2 21. Bxd8 Bxd8 22. Kh1 Qxb2 23. Rb1 Qd4 24. Rfe1 Ba5 25. Re2 Qd3 26. Rbb2
Bb6 27. a4 Qd1+ 28. Kh2 Bg1+ 29. Kg3 Qd3+ 30. Kf4 f5 31. Nf2 Bh2+ 32. Kg5 Qg3+
33. Ng4 Qf4+ 34. Kh5 g6+ 35. Kh4 Bg3# 0-1

[Event "SR 5. liga SE-SI 2014/2015"]
[Site "?"]
[Date "2015.02.07"]
[Round "8.4"]
[White "Trojkova, Michaela"]
[Black "Kastler, Peter"]
[Result "0-1"]
[WhiteElo "1461"]
[BlackElo "1757"]
[PlyCount "72"]
[EventDate "2014.??.??"]

1. e4 e6 2. d4 b6 3. Nc3 Bb7 4. f3 Bb4 5. Bd2 d5 6. e5 Ne7 7. a3 Bxc3 8. Bxc3
Nd7 9. Bd3 c5 10. Bb5 O-O 11. Ne2 Nc6 12. Bxc6 Bxc6 13. O-O Rc8 14. Ng3 cxd4
15. Bxd4 Qc7 16. Re1 Bb5 17. c3 Nc5 18. Bxc5 bxc5 19. Qd2 c4 20. Ne2 Ba4 21.
Nd4 Rb8 22. Rab1 Rb7 23. Re2 Rfb8 24. Nc2 Rxb2 25. Rc1 Bxc2 26. Rxc2 Rxc2 27.
Qxc2 Rb3 28. Qc1 Qb6+ 29. Qe3 Qxe3+ 30. Rxe3 Rxa3 31. Re2 Rxc3 32. Ra2 g6 33.
Rxa7 g5 34. Kf2 Rc2+ 35. Kg3 Re2 36. Ra8+ Kg7 0-1

[Event "SR 5. liga SE-SI 2014/2015"]
[Site "?"]
[Date "2015.02.07"]
[Round "8.4"]
[White "Papanek, Lubomir"]
[Black "Jankovic, Frantisek"]
[Result "1-0"]
[WhiteElo "1616"]
[BlackElo "1133"]
[PlyCount "119"]
[EventDate "2014.??.??"]

1. d4 d5 2. c4 c6 3. Nf3 Nf6 4. e3 Bg4 5. h3 Bxf3 6. Qxf3 e6 7. Bd3 Bb4+ 8. Bd2
Bxd2+ 9. Nxd2 O-O 10. O-O Qa5 11. Qd1 b5 12. cxb5 cxb5 13. Nb3 Qb6 14. Nc5 Nbd7
15. b4 Nxc5 16. bxc5 Qa5 17. Qb3 Rab8 18. a4 bxa4 19. Qxa4 Qxa4 20. Rxa4 Rb7
21. Rfa1 Ra8 22. Ra6 Rc7 23. Rb1 Nd7 24. f3 Nb8 25. Ra2 a6 26. Rb6 a5 27. Bb5
Rca7 28. Rb2 Nd7 29. Bxd7 Rxd7 30. Ra6 Rdd8 31. Rxa8 Rxa8 32. Ra2 Kf8 33. Kf2
Ke7 34. Ke2 Kd7 35. Kd3 Kc6 36. Rb2 a4 37. Rb6+ Kd7 38. Kc2 Kc7 39. Kb2 f6 40.
Ka3 e5 41. Rb4 exd4 42. exd4 Kc6 43. Rxa4 Rxa4+ 44. Kxa4 g5 45. Kb4 h6 46. Kc3
f5 47. g4 f4 48. Kb4 Kb7 49. Kb5 Kc7 50. Ka6 Kc6 51. Ka7 Kc7 52. Ka6 Kc6 53.
Ka5 Kc7 54. Kb5 Kb7 55. c6+ Kc7 56. Kc5 Kc8 57. Kxd5 Kb8 58. Kd6 Kc8 59. c7 Kb7
60. Kd7 1-0

[Event "SR 5. liga SE-SI 2014/2015"]
[Site "?"]
[Date "2015.02.07"]
[Round "8.4"]
[White "Krusinsky, Mojmir"]
[Black "Mraz, Jan"]
[Result "0-1"]
[WhiteElo "1000"]
[BlackElo "1000"]
[PlyCount "94"]
[EventDate "2014.??.??"]

1. e4 e6 2. Nc3 g6 3. Nf3 Bg7 4. Bc4 b6 5. O-O Bb7 6. d4 d6 7. Bg5 Ne7 8. Qd3
O-O 9. a4 Nd7 10. b3 Nf6 11. Rae1 d5 12. exd5 exd5 13. Bb5 a6 14. Bxf6 Bxf6 15.
Bxa6 Bxa6 16. Qe3 Bxf1 17. Rxf1 c6 18. b4 Nf5 19. Qf4 Re8 20. b5 cxb5 21. axb5
Qd6 22. Qxd6 Nxd6 23. g4 Ra3 24. Nxd5 Bg7 25. Nc7 Rc8 26. Nd5 Bf8 27. Nf6+ Kg7
28. Nd7 Rxf3 29. Nxb6 Rxc2 30. Kg2 Rd3 31. Nd5 Rxd4 32. Ne3 Rb2 33. Rd1 Rxd1
34. Nxd1 Rxb5 35. Nc3 Rb2 36. Na4 Rb4 37. Nc3 Rxg4+ 38. Kf3 Rh4 39. Kg3 Nf5+
40. Kg2 Bd6 41. Ne4 Rxe4 42. f3 Rh4 43. h3 Ra4 44. Kf2 Bf4 45. Kg2 Ra2+ 46. Kh1
Ng3+ 47. Kg1 Be3# 0-1

[Event "SR 5. liga SE-SI 2014/2015"]
[Site "?"]
[Date "2015.02.07"]
[Round "8.5"]
[White "Diviak, Rastislav"]
[Black "Brunovsky, Peter"]
[Result "1/2-1/2"]
[WhiteElo "2001"]
[BlackElo "1869"]
[PlyCount "50"]
[EventDate "2014.??.??"]

1. e4 c6 2. d4 d5 3. Nc3 dxe4 4. Nxe4 Bf5 5. Ng3 Bg6 6. h4 h6 7. Nf3 Nd7 8. h5
Bh7 9. Bd3 Bxd3 10. Qxd3 Ngf6 11. Bd2 e6 12. O-O-O Qc7 13. Ne4 Nxe4 14. Qxe4
Nf6 15. Qe2 Bd6 16. g3 O-O-O 17. c4 c5 18. Bc3 cxd4 19. Nxd4 a6 20. Kb1 Kb8 21.
f4 Rhe8 22. Nf3 Ka8 23. Ne5 Ng8 24. Rd2 f6 25. Nf3 Ne7 1/2-1/2

[Event "SR 5. liga SE-SI 2014/2015"]
[Site "?"]
[Date "2015.02.07"]
[Round "8.5"]
[White "Butas, Adam"]
[Black "Pipiska, Adam"]
[Result "0-1"]
[WhiteElo "1000"]
[BlackElo "1772"]
[PlyCount "72"]
[EventDate "2014.??.??"]

1. e4 e5 2. Nf3 Nc6 3. Nc3 Nf6 4. Bc4 Bc5 5. d3 d6 6. h3 Be6 7. Bxe6 fxe6 8.
Bg5 h6 9. Bh4 g5 10. Bg3 Qe7 11. Na4 Bb6 12. Nxb6 cxb6 13. h4 O-O-O 14. hxg5
hxg5 15. Rxh8 Rxh8 16. Nh2 Nh5 17. Qg4 Nd4 18. Rc1 Nf4 19. Rd1 Nxg2+ 20. Kd2
Nf4 21. c3 Nde2 22. Nf3 Kd7 23. Nxg5 Nxg3 24. Qxg3 Rg8 25. Rg1 Nh3 26. Qxh3
Rxg5 27. Rg3 Qf6 28. Qh7+ Kc6 29. Qh2 Qf4+ 30. Kc2 Rh5 31. Qxh5 Qxf2+ 32. Kb3
Qxg3 33. Qe8+ Kc5 34. c4 Qxd3+ 35. Ka4 Qxc4+ 36. Ka3 Qb4# 0-1

[Event "SR 5. liga SE-SI 2014/2015"]
[Site "?"]
[Date "2015.02.07"]
[Round "8.5"]
[White "Horinka, Tomas"]
[Black "Mudroch, Martin"]
[Result "0-1"]
[WhiteElo "1000"]
[BlackElo "1342"]
[PlyCount "74"]
[EventDate "2014.??.??"]

1. e4 c6 2. Bc4 d5 3. Bd3 Nf6 4. Nc3 e6 5. Nf3 Bd6 6. b3 Na6 7. Bb2 Nc5 8. Qe2
Qc7 9. Ba3 Nxd3+ 10. Qxd3 Bxa3 11. Rb1 O-O 12. Ke2 Rd8 13. Rbd1 dxe4 14. Qe3
exf3+ 15. gxf3 b6 16. Rhg1 Bf8 17. d3 Ba6 18. Rg2 Kh8 19. h3 h6 20. Ne4 Nh5 21.
Ng3 Nf4+ 22. Kf1 Nxg2 23. Kxg2 Bd6 24. Ne4 Bf4 25. Qe2 c5 26. Kf1 Rd5 27. Nc3
Re5 28. Ne4 f5 29. Qe1 fxe4 30. fxe4 Qc6 31. Kg2 Rg5+ 32. Kf3 Rf8 33. h4 Bd2+
34. Ke2 Bxe1 35. hxg5 Qxe4+ 36. Kf1 Rxf2+ 37. Kg1 Qg2# 0-1

[Event "SR 5. liga SE-SI 2014/2015"]
[Site "?"]
[Date "2015.02.07"]
[Round "8.6"]
[White "Vach, Jozef"]
[Black "Huska, Branislav"]
[Result "0-1"]
[WhiteElo "1778"]
[BlackElo "1689"]
[PlyCount "56"]
[EventDate "2014.??.??"]

1. e4 c5 2. Nf3 d6 3. d4 cxd4 4. Nxd4 Nf6 5. Nc3 a6 6. Be2 e5 7. Nf3 Be7 8. h3
O-O 9. Be3 Nbd7 10. Qd2 b5 11. a3 Bb7 12. Bd3 Nc5 13. Bxc5 dxc5 14. Qe3 c4 15.
Be2 Qc7 16. Nd2 Rfd8 17. Rd1 Bc5 18. Qg3 Rd7 19. O-O Rad8 20. Nf3 Rxd1 21. Rxd1
Rxd1+ 22. Bxd1 Nxe4 23. Nxe4 Bxe4 24. Qxe5 Qxe5 25. Nxe5 Bd4 26. Nf3 Bxb2 27.
Nd2 Bd5 28. Nb1 c3 0-1

[Event "SR 5. liga SE-SI 2014/2015"]
[Site "?"]
[Date "2015.02.07"]
[Round "8.6"]
[White "Macalka, Ondrej"]
[Black "Cambal, Peter"]
[Result "0-1"]
[WhiteElo "1499"]
[BlackElo "1067"]
[PlyCount "56"]
[EventDate "2014.??.??"]

1. e4 c5 2. Nf3 d6 3. d4 cxd4 4. Nxd4 Nf6 5. Bd3 a6 6. O-O g6 7. Bg5 Bg7 8. Qd2
O-O 9. Bh6 Nbd7 10. Bxg7 Kxg7 11. f3 b5 12. Nc6 Qb6+ 13. Nd4 Qxd4+ 14. Kh1 Qxb2
15. Nc3 Qa3 16. Rab1 Qa5 17. f4 Qc7 18. f5 Bb7 19. fxg6 fxg6 20. Qg5 Qxc3 21.
h4 Qe5 22. Rf5 Qe6 23. a4 Nxe4 24. Bxe4 Bxe4 25. Rxf8 Rxf8 26. axb5 Qf5 27.
Qxe7+ Kg8 28. bxa6 Qh3+ 0-1

[Event "SR 5. liga SE-SI 2014/2015"]
[Site "?"]
[Date "2015.02.07"]
[Round "8.6"]
[White "Steiner, Juraj"]
[Black "Petras, Michal"]
[Result "0-1"]
[WhiteElo "1000"]
[BlackElo "1255"]
[PlyCount "64"]
[EventDate "2014.??.??"]

1. e4 d5 2. exd5 Qxd5 3. Nc3 Qa5 4. Bc4 Nf6 5. Nf3 Bf5 6. d4 e6 7. a3 c6 8. Bf4
Ne4 9. b4 Nxc3 10. bxa5 Nxd1 11. Rxd1 Bxa3 12. c3 Bb2 13. Bd2 Bc2 14. O-O Bxd1
15. Rxd1 b6 16. Rb1 b5 17. Bxe6 fxe6 18. Rxb2 O-O 19. g3 Rxf3 20. Kg2 Rf7 21.
Bf4 Nd7 22. Rb4 Nf6 23. c4 a6 24. c5 Nd5 25. Rb1 Nxf4+ 26. gxf4 Rxf4 27. Re1
Kf7 28. Kg3 Rxd4 29. Re3 Rb8 30. Kf3 b4 31. Rb3 Rb5 32. Ke3 Rh4 0-1

[Event "SR 5. liga SE-SI 2014/2015"]
[Site "?"]
[Date "2015.02.07"]
[Round "8.6"]
[White "Cibula, Marian"]
[Black "Svrcek, Daniel"]
[Result "0-1"]
[WhiteElo "1000"]
[BlackElo "1000"]
[PlyCount "118"]
[EventDate "2014.??.??"]

1. e4 e5 2. Nf3 Nc6 3. Bc4 Bc5 4. d3 Nf6 5. Bg5 Be7 6. Nc3 d6 7. O-O O-O 8. Qd2
Bg4 9. Nd5 Bxf3 10. gxf3 Nd4 11. Qd1 Nxd5 12. Bxe7 Qxe7 13. exd5 Qg5+ 14. Kh1
b5 15. c3 bxc4 16. cxd4 cxd3 17. Qxd3 exd4 18. Qxd4 Rfe8 19. Rg1 Qh6 20. f4 g6
21. f5 Qg7 22. Qxg7+ Kxg7 23. Rae1 Rxe1 24. Rxe1 Rb8 25. fxg6 hxg6 26. b3 Rb5
27. Re7 Rxd5 28. Rxc7 Ra5 29. Rd7 Rxa2 30. Kg1 Ra1+ 31. Kg2 Rb1 32. Rb7 d5 33.
Rxa7 Rxb3 34. Ra1 Rb6 35. Rd1 Rd6 36. Kf3 f5 37. Kf4 Kf6 38. h4 d4 39. Rd3 Rd5
40. f3 Rd6 41. Rd1 Rd5 42. Rh1 d3 43. h5 gxh5 44. Ke3 d2 45. Rd1 Ke5 46. Rxd2
Rxd2 47. Kxd2 Kf4 48. Ke2 Kg3 49. Ke3 h4 50. Ke2 Kg2 51. Ke3 h3 52. Kf4 h2 53.
Kxf5 Kxf3 54. Ke5 h1=Q 55. Ke6 Qh5 56. Kf6 Ke4 57. Kg7 Ke5 58. Kg8 Kf6 59. Kf8
Qf7# 0-1

[Event "SR 5. liga SE-SI 2014/2015"]
[Site "?"]
[Date "2015.02.07"]
[Round "8.6"]
[White "Horak, Viliam"]
[Black "Skrabakova, Monika"]
[Result "1-0"]
[WhiteElo "1000"]
[BlackElo "1000"]
[PlyCount "63"]
[EventDate "2014.??.??"]

1. d4 d5 2. c4 Nf6 3. cxd5 Nxd5 4. e4 Nf6 5. Nc3 e6 6. a3 Be7 7. Nf3 O-O 8. Bf4
Nc6 9. Nb5 a6 10. Nxc7 Ra7 11. Bc4 b5 12. Ba2 e5 13. Nxe5 Rxc7 14. Nxf7 Rxf7
15. Bxf7+ Kxf7 16. Bxc7 Qxc7 17. d5 Bg4 18. Qc1 Qa5+ 19. b4 Qb6 20. dxc6 Nxe4
21. Qf4+ Nf6 22. c7 Bd6 23. Qxg4 Nxg4 24. c8=Q Qxf2+ 25. Kd1 Ne3+ 26. Kc1 Qf6
27. Kd2 Qd4+ 28. Ke2 Nxg2 29. Qf5+ Ke7 30. Qg5+ Kd7 31. Qxg2 Be5 32. Rad1 1-0

[Event "SR 5. liga SE-SI 2014/2015"]
[Site "?"]
[Date "2015.02.21"]
[Round "9.1"]
[White "Huska, Branislav"]
[Black "Wallner, Juraj"]
[Result "1-0"]
[WhiteElo "1689"]
[BlackElo "1606"]
[PlyCount "97"]
[EventDate "2014.??.??"]

1. e4 c5 2. Nf3 e6 3. d4 d5 4. exd5 exd5 5. Bb5+ Nc6 6. O-O Nf6 7. Re1+ Be6 8.
Ng5 Qd6 9. dxc5 Qxc5 10. Nc3 O-O-O 11. Rxe6 d4 12. Rxc6+ bxc6 13. Ba6+ Kc7 14.
Nxf7 Rd7 15. Bf4+ Bd6 16. Nxd6 Rxd6 17. Ne2 Kb6 18. Bxd6 Qxd6 19. Qxd4+ Qxd4
20. Nxd4 Kxa6 21. Nxc6 Rc8 22. Nd4 g6 23. f3 Nd5 24. Re1 Kb7 25. c3 Rc7 26. g3
a6 27. Re5 Nb6 28. Kf2 Nc4 29. Re2 Rf7 30. b3 Nd6 31. Re6 Nc8 32. Ke3 Nb6 33.
c4 Nd7 34. f4 Nc5 35. Re8 Nd7 36. h3 Nf6 37. Re6 Nh5 38. Ne2 Nf6 39. g4 Nd7 40.
Ng3 Nc5 41. Re5 Nd7 42. Re8 Nf6 43. Re6 Nd7 44. Ne4 Ka7 45. Nd6 Rg7 46. Nc8+
Kb7 47. Re7 Rg8 48. Rxd7+ Kxc8 49. Rxh7 1-0

[Event "SR 5. liga SE-SI 2014/2015"]
[Site "?"]
[Date "2015.02.21"]
[Round "9.1"]
[White "Tomasovic, Roman"]
[Black "Macalka, Ondrej"]
[Result "1/2-1/2"]
[WhiteElo "1363"]
[BlackElo "1499"]
[PlyCount "56"]
[EventDate "2014.??.??"]

1. d4 d5 2. c4 e6 3. e3 Nf6 4. Nc3 Nbd7 5. cxd5 exd5 6. Nf3 a6 7. Bd3 Bd6 8.
Qc2 c5 9. dxc5 Nxc5 10. O-O Nxd3 11. Qxd3 O-O 12. h3 b5 13. Ne2 Bb7 14. Ned4
Rc8 15. b3 b4 16. Bb2 a5 17. Rfc1 Qb6 18. Nf5 Rxc1+ 19. Rxc1 Bb8 20. Bd4 Qd8
21. Bc5 Re8 22. Bd4 g6 23. Bxf6 Qxf6 24. N5d4 Rc8 25. Rxc8+ Bxc8 26. Qb5 Qd6
27. Qe8+ Qf8 28. Qb5 Qd6 1/2-1/2

[Event "SR 5. liga SE-SI 2014/2015"]
[Site "?"]
[Date "2015.02.21"]
[Round "9.1"]
[White "Petras, Michal"]
[Black "Valigursky, Michal"]
[Result "0-1"]
[WhiteElo "1255"]
[BlackElo "1446"]
[PlyCount "40"]
[EventDate "2014.??.??"]

1. e4 e5 2. Bc4 Nf6 3. d3 Bc5 4. Nf3 Nc6 5. c3 O-O 6. O-O d5 7. exd5 Nxd5 8.
Re1 Bg4 9. Nbd2 Nf4 10. Ne4 Bd6 11. Bxf4 exf4 12. Bd5 Ne5 13. Nxd6 Qxd6 14. Be4
f5 15. Bd5+ Qxd5 16. Rxe5 Qxe5 17. Nxe5 Bxd1 18. Rxd1 Rfe8 19. d4 Rad8 20. Rd3
Rxe5 0-1

[Event "SR 5. liga SE-SI 2014/2015"]
[Site "?"]
[Date "2015.02.21"]
[Round "9.1"]
[White "Vozarova, Adriana"]
[Black "Cibula, Marian"]
[Result "1-0"]
[WhiteElo "1444"]
[BlackElo "1000"]
[PlyCount "63"]
[EventDate "2014.??.??"]

1. e4 e5 2. Nf3 Nc6 3. Bb5 d5 4. Nxe5 Be6 5. Nxc6 Qd6 6. Nd4+ c6 7. Be2 dxe4 8.
Nxe6 Qxe6 9. O-O Bd6 10. d3 Nf6 11. dxe4 Nxe4 12. Bf3 Qe5 13. g3 Nf6 14. Re1
O-O 15. Rxe5 Bxe5 16. Nc3 Rad8 17. Qf1 Rfe8 18. Be3 Bd6 19. Rd1 Rd7 20. Bf4 Bc5
21. Rxd7 Nxd7 22. Ne4 Be7 23. Qh3 Nb6 24. Ng5 h6 25. Ne4 g5 26. Be5 Rf8 27.
Qxh6 f6 28. Qg6+ Kh8 29. Bxf6+ Bxf6 30. Nxf6 Rxf6 31. Qxf6+ Kh7 32. Be4+ 1-0

[Event "SR 5. liga SE-SI 2014/2015"]
[Site "?"]
[Date "2015.02.21"]
[Round "9.1"]
[White "Datko, Jan"]
[Black "Tomasovic, Pavol"]
[Result "0-1"]
[WhiteElo "1000"]
[BlackElo "1284"]
[PlyCount "121"]
[EventDate "2014.??.??"]

1. e4 c5 2. Bc4 Nf6 3. Nc3 d6 4. d3 e5 5. Bg5 Be7 6. Bxf6 Bxf6 7. Nd5 O-O 8. b4
cxb4 9. Nxb4 Nc6 10. a3 Nxb4 11. axb4 Bd7 12. b5 Qc8 13. Ne2 Be6 14. Bxe6 Qxe6
15. b6 axb6 16. O-O Rfc8 17. Rxa8 Rxa8 18. Nc3 Rc8 19. Nd5 b5 20. Nb6 Rc6 21.
Na8 Qa2 22. Qa1 Rxc2 23. Qxa2 Rxa2 24. Nb6 b4 25. Rc1 h6 26. Rb1 b3 27. Nc4 b5
28. Nb2 Bg5 29. g3 Bd2 30. Nd1 Rc2 31. Kg2 Rc1 32. Rxb3 Rxd1 33. Rxb5 Bg5 34.
h4 Bf6 35. Rb8+ Kh7 36. Rb7 Rxd3 37. Rxf7 d5 38. Rd7 d4 39. Kh3 Rc3 40. Rb7 Rc8
41. Rb3 Rd8 42. Rd3 Kg8 43. f4 Kf7 44. fxe5 Bxe5 45. Kg4 Ke6 46. Kh5 Rc8 47.
Rd1 Rc3 48. Kg4 Re3 49. Rg1 Rxe4+ 50. Kf3 Kd5 51. Rd1 Re3+ 52. Kf2 Ke4 53. g4
Bg3+ 54. Kg2 Bxh4 55. Kf1 d3 56. Kg2 Bg5 57. Rb1 Re2+ 58. Kf1 Ke3 59. Rb3 Kd4
60. Ra3 Rc2 61. Ke1 0-1

[Event "SR 5. liga SE-SI 2014/2015"]
[Site "?"]
[Date "2015.02.21"]
[Round "9.2"]
[White "Brunovsky, Peter"]
[Black "Vach, Jozef"]
[Result "1/2-1/2"]
[WhiteElo "1869"]
[BlackElo "1778"]
[PlyCount "34"]
[EventDate "2014.??.??"]

1. d4 f5 2. e4 d6 3. Nc3 Nf6 4. Bd3 fxe4 5. Nxe4 g6 6. Bg5 Bg7 7. Ne2 O-O 8.
Qd2 c6 9. f3 d5 10. Nf2 Qe8 11. f4 h6 12. Bh4 Ng4 13. h3 Nxf2 14. Bxf2 Bf5 15.
O-O-O Bxd3 16. Qxd3 Qf7 17. Rhf1 Nd7 1/2-1/2